Catch 22 of asbestos regs (Record no. 74779)
[ view plain ]
| 000 -LEADER | |
|---|---|
| fixed length control field | 01133cab a2200217 4500 |
| 001 - CONTROL NUMBER | |
| control field | ABS68604 |
| 008 - FIXED-LENGTH DATA ELEMENTS--GENERAL INFORMATION | |
| fixed length control field | 050128n2005 000 0 eng u |
| 035 ## - SYSTEM CONTROL NUMBER | |
| System control number | (Sirsi) u128672 |
| 100 ## - MAIN ENTRY--PERSONAL NAME | |
| Personal name | Fletcher, J. |
| 245 ## - TITLE STATEMENT | |
| Title | Catch 22 of asbestos regs |
| 260 ## - PUBLICATION, DISTRIBUTION, ETC. | |
| Date of publication, distribution, etc. | 2005 |
| 490 ## - SERIES STATEMENT | |
| Series statement | Construction News |
| Volume/sequential designation | (6900) 20 January 2005, 12-13(2) |
| 520 ## - SUMMARY, ETC. | |
| Summary, etc. | Discusses a new system developed by RICS and the Asbestos Removal Association which will help meet demand for new accredited surveyors to implement asbestos regulations such as The Control of Asbestos at Work Regulations 2002. The National Individual Asbestos Creditation Scheme (NIACS) should reduce insurers' exposure to potential claims which should encourage more surveyors to take up asbestos survey work. RICS is hoping the NIACS scheme will running by early 2005. |
| 590 ## - LOCAL NOTE (RLIN) | |
| Local note | ABS |
| 650 ## - SUBJECT ADDED ENTRY--TOPICAL TERM | |
| Topical term or geographic name entry element | NATIONAL INDIVIDUAL ASBESTOS ACCREDITATION SCHEME |
| 650 ## - SUBJECT ADDED ENTRY--TOPICAL TERM | |
| Topical term or geographic name entry element | CONTROL OF ASBESTOS AT WORK REGULATIONS 2002 REG 4 |
| 650 ## - SUBJECT ADDED ENTRY--TOPICAL TERM | |
| Topical term or geographic name entry element | MANAGEMENT-HEALTH AND SAFETY-HAZARDOUS SUBSTANCES-ASBESTOS |
| 650 ## - SUBJECT ADDED ENTRY--TOPICAL TERM | |
| Topical term or geographic name entry element | SURVEYORS |
| 690 ## - LOCAL SUBJECT ADDED ENTRY--TOPICAL TERM (OCLC, RLIN) | |
| Topical term or geographic name as entry element | BUILT ENVIRONMENT-BUILDING STANDARDS |
| 942 ## - ADDED ENTRY ELEMENTS (KOHA) | |
| Suppress in OPAC | 0 |
| Withdrawn status | Lost status | Source of classification or shelving scheme | Damaged status | Not for loan | Home library | Current library | Shelving location | Date acquired | Total Checkouts | Full call number | Barcode | Date last seen | Copy number | Price effective from | Koha item type |
|---|---|---|---|---|---|---|---|---|---|---|---|---|---|---|---|
| Dewey Decimal Classification | London | London | Journal article | 28/01/2005 | ABS68604 | 128672-1001 | 06/08/2019 | 1 | 06/08/2019 | Journal article |